[Event "Rubinstein Memorial 37th"]
[Site "Polanica Zdroj"]
[Date "2000.08.24"]
[Round "7"]
[White "Van Wely, Loek"]
[Black "Movsesian, Sergei"]
[Result "1/2-1/2"]
[WhiteElo "2643"]
[BlackElo "2666"]
[Annotator "Ribli,Z"]
[PlyCount "91"]
[EventDate "2000.08.17"]
[EventType "tourn"]
[EventRounds "9"]
[EventCountry "POL"]
[EventCategory "17"]
[SourceTitle "CBM 079"]
[Source "ChessBase"]
[SourceDate "2000.11.21"]
[SourceVersion "1"]
[SourceVersionDate "2000.11.21"]
[SourceQuality "1"]

1. d4 {Ftacnik} Nf6 2. c4 e6 3. Nf3 d5 4. Nc3 dxc4 {Heutzutage, da die Taktik
eine wichtigere Rolle im Schach einnimmt als früher, spielt man gerne die
Wiener Variante.} 5. e4 {Anstelle dieser Fortsetzung kann Weiß auch 5.e3
spielen, aber der Textzug hat mehr für ihn zu bieten.} Bb4 6. Bg5 c5 7. Bxc4
cxd4 8. Nxd4 Bxc3+ 9. bxc3 Qa5 10. Bb5+ {In der Großmeisterpraxis ist diese
Fortsetzung beliebt, aber die Alternativen (10.Nb5, 10.Bxf6) sind - obwohl
weniger gut - ebenfalls spielbar.} Nbd7 (10... Bd7) 11. Bxf6 Qxc3+ 12. Kf1 gxf6
13. h4 {Weiß hat einen Bauern weniger, dafür steht sein König auf f1 relativ
sicher, während sein schwarzer Gegenüber in Gefahr zu geraten droht. Mit dem
Textzug beabsichtigt Weiß, den Turm mittels Rh3 zu aktivieren.} a6 14. Rh3 Qa5
15. Be2 Nc5 16. Nb3 {Das ist die beste Strategie für Weiß - er tauscht den
Springer und damit die beste schwarze Figur ab.} Nxb3 17. Qxb3 b6 (17... Qc7
18. Rd1 Bd7 19. Qb2 O-O-O 20. Rc1 Bc6 21. Bxa6 $1 $14) 18. Rb1 Bb7 {'!?'
Ftacnik.} (18... b5 {Ftacnik} 19. Qb2 Qd8 20. Ra3 (20. Rd3 Qe7 21. Rc3 Bd7 22.
Rbc1 e5 $13) 20... Rb8 21. Rd3 Qe7 22. e5 f5 23. g3 $13) 19. Qxb6 Qxb6 20. Rxb6
Bxe4 21. Bxa6 {Ftacnik: 'From the opening players have jumped directly into
interesting ending, white's activity and a passed pawn offer him somewhat
better chances.'  Wir haben eine materiell ausgeglichene Stellung vor uns, in
der Weiß aufgrund des Freibauern auf der a-Linie leichten Vorteil besitzt.
Andererseits hat Schwarz angesichts des bereits reduzierten Materials sehr
gute Remischancen.} (21. Rxa6 Rxa6 22. Bxa6 Rg8 23. f3 (23. Rg3 {Ftacnik} Rxg3
24. fxg3 Kd7 $11) 23... Bd5 24. a4 Ke7 $11) 21... f5 $1 $11 {[%mdl 4096] Damit
schafft Schwarz auf f6 ein Schlupfloch für seinen König und sichert die
Stellung des Be4.} (21... Rg8 22. Bb7 (22. f3 Bd5 23. a4 Kd7 24. Kf2 Ra7 $15)
22... Bxb7 23. Rxb7 Rg4 $132 (23... Rg4 {Ftacnik} 24. a3 Rga4 25. Rg3 Kf8 26.
Rd3 Rxa3 27. Rdd7 $14)) 22. Rc3 {'!' Ftacnik.} (22. Bb7 Rb8 23. Rhb3 Ke7 24. a4
Rxb7 25. Rxb7+ Bxb7 26. Rxb7+ Kf6 27. a5 Ra8 $11) 22... Ke7 23. f3 Bd5 {
[%csl Gd5] Der Läufer ist gut zentralisiert auf d5.} 24. Rc7+ Kf6 25. a4 Rhb8 {
'!' Ftacnik.} 26. Rxb8 (26. Rb5 {Ftacnik} Bb3 $1 27. Rxb8 Rxb8 28. Bb5 Ra8 $11)
26... Rxb8 27. Bb5 e5 {'!' Ftacnik. Schwarz hat zwar einen Doppelbauern auf
der f-Linie, dennoch muss er seine Bauernmehrheit am Königsflügel mobilisieren.
} 28. Kf2 h5 (28... h6 29. Ra7 $14 {[%cal Ga7a6,Ga6h6]}) (28... f4 {Ftacnik}
29. Bd3 h5 30. a5 Rb2+ 31. Rc2 $14) 29. g3 Ke6 {'?!' Ftacnik.} (29... f4 {
Ftacnik} 30. gxf4 exf4 31. Rc5 Ke6 32. Bc4 $14) 30. f4 {'?!' Ftacnik.} (30. Ra7
$5 {Ftacnik} f4 (30... Rb6 31. Ke3 $16) (30... Bb3 31. Ra6+ Ke7 32. Rh6 Ra8 33.
Rxh5 Bxa4 34. Bxa4 Rxa4 35. Rxf5 Ra2+ 36. Ke3 Ke6 37. g4 $16) (30... Kf6 31.
Ra6+ Be6 32. f4 exf4 33. gxf4 Rg8 34. Be2 $16) 31. Ra6+ Ke7 32. gxf4 exf4 33.
Rh6 Rc8 34. Rxh5 Rc2+ 35. Ke1 Bxf3 36. Rf5 $14) 30... exf4 (30... e4 $6 31. Ra7
$14 {[%cal Ga7a6,Ga6h6]}) 31. gxf4 {Weiß hat wegen des schwarzen Doppelbauern
auf der f-Linie eigentlich einen Bauern mehr. Aber da die g-Linie geöffnet ist,
bekommt Schwarz Gegenspiel.} Rg8 $132 {[%cal Rg8g4,Rg4f4,Rg4h4][%mdl 256] '!'
Ftacnik.} 32. Be2 {Weiß unterbindet natürlich das Eindrignen des Turms nach g4.
} (32. a5 $6 Rg4 33. Ke3 Rxh4 34. a6 Rh3+ $15 {[%cal Gh3a3]}) (32. Bf1 {Ftacnik
} Rg4 $11) 32... Rg2+ 33. Ke3 (33. Kf1 {Ftacnik} Rh2 $11) 33... Rh2 34. Bxh5
Kd6 (34... Rh3+ 35. Kd4 (35. Kd2 Rxh4 $11) 35... Rxh4 36. Bxf7+ Kd6 37. Ra7
Bxf7 38. Rxf7 Rxf4+ 39. Ke3 $11) 35. Rc8 (35. Ra7 {Ftacnik} Rh3+ 36. Kd4 Rxh4
37. Ra6+ Bc6 $11) 35... Rh3+ 36. Ke2 Rh2+ (36... Rxh4 37. Bf3 Rh2+ $11) 37. Ke3
Rh3+ 38. Kf2 Rxh4 39. Bf3 Rxf4 {'!' Ftacnik. Der Bf3 ist gefesselt, aber auch
der Bd5 ist angreifbar.} (39... Bxf3 {Ftacnik} 40. Kxf3 Rh3+ 41. Kf2 Ra3 42.
Rc4 $14) 40. Rd8+ Kc6 (40... Ke6 $11) 41. Rxd5 Rxf3+ 42. Kxf3 Kxd5 {Das
Bauernendspiel ist natürlich Remis - die Großmeister spielen nur weiter, um
die Partie zu verlängern.} 43. Kf4 Kc5 44. Kxf5 Kb4 45. Kf6 Kxa4 46. Kxf7
1/2-1/2

[Event "Bazna Kings 4th"]
[Site "Medias"]
[Date "2010.06.20"]
[Round "6"]
[White "Wang, Yue"]
[Black "Gelfand, Boris"]
[Result "1/2-1/2"]
[WhiteElo "2752"]
[BlackElo "2741"]
[Annotator "Rogozenco,D"]
[PlyCount "61"]
[EventDate "2010.06.14"]
[EventType "tourn"]
[EventRounds "10"]
[EventCountry "ROU"]
[EventCategory "20"]
[SourceTitle "CBM 137"]
[Source "ChessBase"]
[SourceDate "2010.07.15"]
[SourceVersion "1"]
[SourceVersionDate "2010.07.15"]
[SourceQuality "1"]

1. d4 Nf6 2. Nf3 d5 3. c4 e6 4. Nc3 dxc4 5. e4 Bb4 6. Bg5 c5 7. Bxc4 cxd4 8.
Nxd4 Qa5 {Gelfand chooses a variation, which he himself faced with the White
pieces before.} ({The main line goes} 8... Bxc3+ 9. bxc3 Qa5) 9. Bd2 Qc5 10.
Bb5+ Bd7 11. Nb3 Qe7 {As Wang Yue recognized after the game, he didn't know
much theory here. Actually it is very difficult for White to get an advantage
in this line.} 12. Bd3 Nc6 13. a3 Bd6 14. O-O ({Gelfand played} 14. Be3 a6 15.
O-O O-O 16. f4 e5 17. f5 Nd4 18. Nxd4 exd4 19. Bxd4 Bc5 20. Bxc5 Qxc5+ 21. Kh1
Bc6 22. Qf3 Rfe8 23. Qg3 Rad8 {1/2-1/2 Gelfand,B (2695)-Tkachiev, V (2615)/
Groningen 1997}) 14... O-O {The position is equal. White's main problem is the
misplaced knight on b3.} 15. f4 (15. Bg5 h6 16. Bh4 Bf4 $11) 15... e5 16. f5 (
16. Nd5 Nxd5 17. exd5 Nd4 18. Nxd4 exd4 $11) 16... Nd4 17. Bg5 Bc6 18. Bc4 Qd8
$1 {This queen retreat solves the problem of the pin - Black prepares Bd6-e7.}
19. Nd5 Bxd5 20. Bxd5 Be7 21. Bxf6 Bxf6 {The opposite-coloured bishops will
soon lead to inevitable draw.} 22. Kh1 Rc8 23. Rc1 Qb6 24. Rc3 Rxc3 25. bxc3
Nxb3 26. Bxb3 Qe3 27. Qf3 Qxf3 28. Rxf3 Rc8 29. a4 Rc5 30. g3 Kf8 31. Rd3
1/2-1/2

[Event "Santa Clara op"]
[Site "Santa Clara"]
[Date "2014.01.08"]
[Round "9"]
[White "Roiz, Michael"]
[Black "Macieja, Bartlomiej"]
[Result "1/2-1/2"]
[WhiteElo "2614"]
[BlackElo "2583"]
[Annotator "Roiz,M"]
[PlyCount "142"]
[EventDate "2014.01.02"]
[EventType "swiss"]
[EventRounds "9"]
[EventCountry "USA"]
[SourceTitle "CBM 158"]
[Source "ChessBase"]
[SourceDate "2014.01.16"]
[SourceVersion "1"]
[SourceVersionDate "2014.01.16"]
[SourceQuality "1"]

{The tournament situation was clear before the last game: I had to win in
order to share the first place.} 1. Nf3 d5 2. d4 Nf6 3. c4 e6 4. Bg5 $5 {
An interesting move order. White avoids a popular line which arises after 4.
Nc3 c5 5.cxd5 Nxd5, but after 4...Be7 or 4...Bb4+ my choice would be limited
compared to 4.Nc3.} Bb4+ 5. Nc3 dxc4 6. a3 {Quite a rare move. Bartek has a
lot of experience in the Vienna variation, so I tried to surprise him.} Bxc3+
7. bxc3 c5 {That is one of the most popular responses.} 8. e3 $5 {I needed to
try something sharp when I must win.} ({There are few modest alternatives:} 8.
Qa4+ Bd7 9. Qxc4 cxd4 10. cxd4 O-O 11. e3 (11. e4 h6 12. Bxf6 Qxf6 13. Bd3 Rc8
14. Qa2 Nc6 15. Qb2 Be8 16. O-O Rd8 $11 {1/2-1/2 Bartel,M (2608)-Balogh,C 
(2562)/ Warsaw 2007/CBM 121 Extra (94)}) 11... Nc6 12. Qc5 Rc8 13. Bd3 Re8 14.
Bxf6 Qxf6 15. Qd6 Rcd8 16. O-O (16. Be4 e5 17. Qxf6 gxf6 18. dxe5 fxe5 19. O-O
Na5 20. Rab1 b5 21. Bd5 Kg7 22. Rfc1 a6 23. Rc7 Be6 24. Ng5 {1/2-1/2
Javakhishvili,L (2437) -Macieja,B (2619)/Aix-les-Bains 2011/CBM 142}) 16... e5
17. Qxf6 gxf6 18. d5 Ne7 19. e4 Nxd5 20. exd5 e4 21. Be2 exf3 22. Bxf3 Kf8 $11
{1/2-1/2 Mamedyarov,S (2722)-Aronian,L (2761)/San Sebastian 2006/CBM 115 (30)})
({Or} 8. Bxf6 Qxf6 9. e3 O-O 10. Bxc4 b6 11. O-O Bb7 $11) 8... cxd4 {That was
played after some thought.} ({I haven't really expected a greedy:} 8... Qa5 9.
Bxf6 Qxc3+ 10. Nd2 gxf6 11. Rc1 (11. Bxc4 Bd7 (11... Ke7 12. O-O Rd8 13. Rc1
Qxa3 14. Ne4 Nd7 15. Qh5 cxd4 16. exd4 b5 17. Bxe6 fxe6 18. Qxh7+ Ke8 19. Qh8+
Ke7 20. Qg7+ Ke8 21. Rc5 {1-0 Komarov,D (2535)-Bersoult,F (2175)/ Maromme 1994/
EXT 1998}) 12. O-O Bc6 13. Rc1 Qxa3 14. Qh5 $36 {1/2-1/2 Papin,V (2510)
-Swapnil,S (2454)/Chennai IND 2013 (30)}) 11... Qa5 12. Bxc4 cxd4 13. exd4 Nc6
14. O-O $36 {1/2-1/2 Lysyj,I (2633)-Lu,S (2516)/Moscow 2012/CBM 146 Extra (48)}
) 9. exd4 Nbd7 $5 $146 {An interesting novelty. Black gets a solid set-up
which usually arises in Nimzo-Indian with 4.e3.} ({Black doesn't solve his
problems after:} 9... Qd5 10. Bxf6 gxf6 11. Nd2 Nc6 12. Nxc4 (12. Rb1 Rg8 13.
Qc2 f5 14. Nxc4 b6 15. Ne3 Qd6 16. Bb5 Kf8 $132 {1/2-1/2 Aronian,L (2816)
-Vallejo Pons,F (2697)/Sao Paulo/Bilbao 2012/CBM 151 (33)}) 12... Bd7 13. Ne3
$14) (9... Qa5 10. Bxc4 Ne4 11. Bd2 O-O 12. O-O $14) 10. Bxc4 Qc7 11. Qd3 (11.
Qb3 O-O 12. O-O b6 $11) 11... O-O 12. O-O b6 13. Rfe1 ({Nothing promises} 13.
Bh4 Bb7 14. Bg3 Qc8 15. Rac1 Bxf3 16. gxf3 a6 $11) 13... Bb7 14. Ba2 Rac8 ({
In my opinion, Black could have tried} 14... b5 $5) 15. c4 Rfe8 16. Rad1 Bxf3
$2 {[%mdl 16384] Not a successful decision. White's bishop are now too strong.}
(16... h6 17. Bh4 Nh5 $132 {was called for.}) 17. Qxf3 e5 18. d5 $1 {It looks
like Black has a solid position, but actually he lacks an active plan.} (18. c5
exd4 19. Rxe8+ Rxe8 20. cxb6 axb6 $15) (18. Qg3 exd4 19. Rxe8+ Nxe8 20. Rxd4
Qxg3 21. hxg3 Nc5 $11) 18... Qd6 19. Qg3 {Now Black cannot push e5-e4,
followed by ...Ne5.} Rc7 20. Bd2 $1 {[%csl Re5][%cal Gd2b4,Ga2b1]} g6 {I can
hardly recommend anything better. Black is at least trying to push f7-f5 at
some point.} 21. Bb4 Nc5 22. Bb1 {Now the Pc4 is not hanging, so I have time
for regrouping my pieces.} a5 {Now Black gets another weak pawn on b6, but
otherwise it wasn't possible to avoid the pin.} 23. Bd2 Ncd7 24. Rc1 Rec8 25.
Qb3 $1 (25. Ba2 $6 Nh5 26. Qe3 (26. Qf3 f5 $132) 26... f5 $132) 25... Nc5 (
25... Ne8 $5) 26. Qb2 Ncd7 (26... Nfd7 27. Be3 $14) 27. Bd3 e4 $6 $138 {
Bartek had few minutes left on his clock, so it wasn't easy to hold the
position.} (27... Nc5 28. Bf1 Nfd7 $14) 28. Bxe4 $6 ({More promising would be} 
28. Be2 $142 Ne5 29. Qd4 Re8 30. h3 $16) 28... Rxc4 29. Rxc4 Rxc4 30. Bf3 Rc8 {
I have overestimated my chances in this position.} 31. Bc3 $6 {Just a blunder.
We both had to move very fast till we get 40 moves.} (31. g3 Re8 32. Rxe8+ Nxe8
33. Bf4 Qe7 $14) 31... Re8 ({He could just take the pawn:} 31... Nxd5 $1 32.
Rd1 N7f6 33. h3 Qe6 {and White has no more than sufficient compensation.}) 32.
Rxe8+ Nxe8 33. h4 (33. g3 $5) 33... f6 34. a4 {Now again White has a clear
advantage, but it's not easy to breakthrough.} Ne5 35. Be4 Nc7 36. Bd4 Nd7 37.
Qc1 Kf7 38. h5 Nxd5 $1 (38... f5 39. Qh6 fxe4 40. Qxh7+ Ke8 41. hxg6 Nxd5 42.
g7 N7f6 43. g8=Q+ Nxg8 44. Qxg8+ Kd7 45. Kf1 $16) 39. Qc4 Ke6 40. hxg6 hxg6 41.
Bxg6 {I am really impressed by Bartek's defending skills, as this position
looks very difficult especially when you are limited on time.} Qc7 42. Qe2+ $1
(42. Qf1 Ne5 43. Be4 Nc3 44. Bc2 Kd5 $1 $11) 42... Ne5 43. Bc2 $1 Kd6 (43...
Qc4 44. Qe4 (44. Qxc4 Nxc4 45. Bb3 Nd2 46. Bxd5+ Kxd5 47. Bxb6 Nc4 48. Bd8 f5
$11) 44... Nb4 45. Qf5+ Kd5 46. Bxe5 Qxc2 47. Qxc2 Nxc2 48. Bxf6 $16) 44. Qd1 {
It looks like White is winning, since Black has a couple of weaknesses and his
king is in a danger, but the knights are tricky!} Ke7 45. Bb3 Nf4 (45... Nb4
46. Be3 $16) 46. Be3 Ne6 47. Qd5 $1 (47. f4 Qc3 $1 48. Bxb6 Nd7 $11) 47... Nc5
48. Bxc5+ Qxc5 49. Qe6+ Kd8 50. Qxf6+ Kc7 {An important endgame. Even after
deep analyses it's not easy to find a win here.} 51. g3 (51. Qg7+ $5 Kc6 52.
Qh6+ Kc7 53. Qd2 Qb4 $16) 51... b5 $1 {That was played when he had just few
seconds left on his clock!} ({He almost played} 51... Kb8 $4 52. Qd8+ Ka7 53.
Bd5 $18) 52. axb5 Qxb5 53. Qe7+ (53. Qf4 $5 Qxb3 $140 54. Qxe5+ Kb7 55. Qxa5
Qb1+ 56. Kg2 Qe4+ 57. Kh3 Qh7+ 58. Kg4 Qg7+ 59. Qg5 $18) 53... Kb6 (53... Nd7
54. Qe3 (54. Be6 a4 55. g4 Qc6 56. g5 a3 $16) 54... Qb4 55. Kg2 Nc5 $16) 54.
Qd8+ (54. Qd6+ Nc6 55. Bd5 Qc5 $14) 54... Kc5 55. Qd5+ $6 {That leads to a
drawn endgame, but I had 2 minutes left on my clock and it was almost
impossible to find the best way.} ({In fact, I had to keep the queens on board:
} 55. Bd1 Qb4 56. g4 Qe1+ 57. Kg2 Qe4+ 58. Kg3 Nc4 59. Qc7+ Kb4 60. Qb8+ Kc5
61. Qf4 Qd3+ 62. Qf3 Qd6+ 63. Kg2 Qe5 $16 {but still I am not sure if White
should win this.}) 55... Kb4 56. Qxb5+ Kxb5 57. f4 Nd3 $1 {Now Black has
enough time for counterplay, since I cannot push my pawns immediately.} 58. Kg2
(58. Bc2 Nb4 $11) 58... a4 59. Bxa4+ (59. Bf7 Kc5) 59... Kxa4 60. Kf3 Kb5 61.
Ke4 Nf2+ (61... Kc4 62. f5 Nc5+ 63. Ke5 Nd3+ 64. Kf6 Kd5 65. g4 Nc5 66. g5) 62.
Kd5 Kb6 63. f5 (63. Ke6 Kc7 64. Ke7 Kc6 65. f5 Kd5 66. f6 Ng4 67. f7 Ne5 68. g4
Ng6+ 69. Kf6 Nf8 70. g5 Kd6 71. g6 Nd7+ 72. Kg7 Ke7 $11) 63... Kc7 64. Ke6 Kd8
65. Kf7 Ne4 (65... Nh1 66. g4 Ng3 $11) 66. g4 Nd6+ 67. Ke6 Ne4 68. Kf7 Nd6+ 69.
Kg7 Ke8 70. f6 Nf7 71. Kg8 Ng5 {A very disappointing finish of the last game
and the tournament, but the opponent deserves a compliment!} 1/2-1/2

[Event "Dieren op"]
[Site "Dieren"]
[Date "2016.08.04"]
[Round "9"]
[White "Khenkin, Igor"]
[Black "Horvath, Csaba"]
[Result "1-0"]
[WhiteElo "2553"]
[BlackElo "2520"]
[Annotator "Sagar Shah"]
[PlyCount "63"]
[EventDate "2016.07.26"]
[EventType "swiss"]
[EventRounds "9"]
[EventCountry "NED"]
[SourceTitle "CBM 173 Extra"]
[Source "ChessBase"]
[SourceDate "2016.08.29"]
[SourceVersion "1"]
[SourceVersionDate "2016.08.29"]
[SourceQuality "1"]
[TimeControl "6000+840"]
[WhiteClock "0:33:05"]
[BlackClock "0:12:25"]

1. d4 Nf6 2. c4 e6 3. Nf3 d5 4. Nc3 dxc4 5. e4 Bb4 6. Bg5 (6. Bxc4 {is another
sharp line in the Vienna.}) 6... c5 7. Bxc4 cxd4 8. Nxd4 Bxc3+ (8... Qa5 {
is also possible but it gives White an option to come back with Bd2.}) 9. bxc3
Qa5 10. Bb5+ Bd7 11. Bxf6 gxf6 (11... Qxc3+ 12. Kf1 gxf6 13. Rc1 $18 {followed
by Rc8 finishes off the game.}) 12. Bxd7+ Nxd7 13. O-O {This line is very
interesting. White has his king safely tucked in on g1. But is it really safe?
The g-file is open and there are chances of launching an attack. At the same
time, the Black king cannot castle long or short but on e7 it is not so badly
placed. All in all it boils down to whether White can make use of Black's king
position. Because statically Black's pawn structure is better.} a6 14. Rb1 Qc7
15. Qh5 Nc5 {We see one more advantage of Black's setup. The knight on c5
cannot be dislodged so easily.} (15... Ke7 {looks natural but White can just go
} 16. f4 $1 {And with e5 coming up, it will open up the position in the centre.
}) 16. Rb4 Qe5 {Black would be more than happy to exchange the queens.} 17. Qh6
{Keeping the queens on.} Qg5 18. Qh3 Rg8 19. g3 b5 (19... Nxe4 20. Nxe6 $1 $18)
20. Qxh7 {White snaps a pawn but Black isn't too worried about it. He has his
pieces in good position.} Nd3 (20... Rc8 $1 $132) 21. Nf3 (21. Rbb1 Rg7 22. Qh3
Nf4 23. Qh8+ Rg8 24. Qh7 Rg7 {And Black has at least a draw here.}) 21... Qg4
22. h3 Qg7 {The queens will come off now, but White is a pawn up and Black is
not so well co-ordinated.} 23. Qxg7 Rxg7 24. Rd4 Nf4 25. Kh2 Ne2 26. Rd3 Rc8
27. a3 $1 {A very nice move. The idea is to prevent Nxc3 followed by b5-b4.} a5
(27... Nxc3 {is impossible due to} 28. Rc1 $18) (27... Rxc3 {is possible but
not so great as after} 28. Rfd1 {A mate in two is threatened on d8 and after}
Rxd3 29. Rxd3 e5 30. Rd6 {White will be up a pawn and clearly pushing.}) 28. c4
$1 {Khenkin is on fire. In a position that could very well peter out into a
draw he keeps finding resources that make his opponent's task as difficult as
possible.} Rxc4 (28... bxc4 29. Re3 $18) 29. Rfd1 {Threatening a mate} Rc7 $2 (
29... Rc8 {was preferable. And at this point we could say that Black is still
in the game.}) 30. R1d2 Nc3 $2 (30... Nc1 31. Rd8+ Ke7 32. Rb8 $16 {was the
lesser evil but still pretty bad for Black.}) 31. Nd4 $1 {A powerful move. Can
you see the threat? Csaba couldn't and that's why he took the e4 pawn.} Nxe4 {
How to finish off the game?} 32. Nc6 $1 {A powerful blow. There is absolutely
no way to prevent mate. Look how the rook on g7 prevents the king to escape
from f8-g7. A great game by Igor Khenkin.} (32. Nxb5 {Why go for a pawn when
you can win the game?}) 1-0